| 000 | 00524nam a2200205Ia 4500 | ||
|---|---|---|---|
| 008 | 220216s9999 xx 000 0 und d | ||
| 100 | _aSethuraj M R | ||
| 245 | 0 | _aThrust areas of future research in natural rubber cultivation | |
| 260 |
_bRubber Science _c2012 |
||
| 300 | _a123-138 | ||
| 650 | _aClimate change | ||
| 650 | _aEcological cost | ||
| 650 | _aGenomics | ||
| 650 | _aHarvesting | ||
| 650 | _aMarkers | ||
| 650 | _aMono-cropping | ||
| 650 | _aResearch priorities | ||
| 700 | _aJacob J | ||
| 942 | _cBS | ||
| 999 |
_c51172 _d51172 |
||